000 00389nam a2200169Ia 4500
008 221030s9999 xx 000 0 und d
020 _a8120305991
041 _aEnglish
082 _a105.23
100 _aV. Deltoro
245 0 _aElectrical Engineering Fundamentals
_cby V. Deltoro
250 _a2nd
260 _bPHI
_aNew Delhi
_c2011
300 _a921
650 _aEE
942 _cBK
999 _c9527
_d9527